000 01401nam0a2200349 4500
001 RU\NLR\bibl\1176726
005 20250615091031.0
010 _a978-5-91391-005-9
_92000
021 _aRU
_b2007-81994
_94421
035 _a(nilc)RSL-KNO-003357827
035 _a(NLR Aleph) 001163370
090 _a1551626
_c1551626
100 _a20071128d2008 |||y0rusy50 ca
101 0 _arus
102 _aRU
105 _ay |||||||||
200 1 _aЭнциклопедия кадрового дела
_fКудрина Е.А.
210 _aМосква
_cДиректПресс
_d2008 [т.е. 2007]
215 _a351 с.
_d20
300 _aКн. фактически изд. в 2007 г.
606 1 _aКадры
_xУправление
_xДокументация
_xПравовые вопросы
_yРоссийская Федерация
_92374693
_3RU\NLR\auth\661417211
610 0 _aЭкономика -- Российская Федерация -- Труд -- Кадры -- Управление -- Кадровое делопроизводство -- Справочник
686 _aУ9(2)240-212.86я2
_2rubbk
686 _aХ627.1
686 _aУ24(2)0-21
700 1 _aКудрина
_bЕ. А.
_gЕлена Алексеевна
_4070
801 0 _aRU
_bРКП
_c20071128
_grcr
801 1 _aRU
_bРГБ
_c20071128
801 2 _aRU
_bNLR
_c20080117
_grcr
942 _cBOOK
980 _aNB